000
00318nam a2200133Ia 4500
008
190216s9999||||xx |||||||||||||| ||und||
100
_a
Walter Rudin
245
0
_a
Real And Complex Analysis
250
_a
2nd ed
260
_b
Tata Mcgrawhill Publishers
_c
1982
300
_a
452
650
_a
Mathematics
942
_c
BK
999
_c
30815
_d
30815